| 000 | 00716nam a2200229 a 4500 | ||
|---|---|---|---|
| 001 | 17694 | ||
| 003 | CO-ViMGA | ||
| 008 | 141112s2004 ck r 000 u spa d | ||
| 020 | _a8472901319 | ||
| 040 |
_aCO-ViMGA _bspa _cCO-ViMGA |
||
| 082 | 0 | 4 | _a323.6 A813c |
| 100 | 1 |
_aAubet, María Jose _925110 |
|
| 245 | 1 | 0 | _aCiudadania y representatividad . Los sistemas electorales en Europa |
| 260 |
_aBarcelona (España), _cBellaterra, _c2000 |
||
| 300 | _a143.p. | ||
| 490 | _aLa biblioteca del ciudadano | ||
| 590 | _aForma de adquisición : Premio - Mincultura | ||
| 650 | 1 | 4 |
_aCIUDADANIA - EUROPA _925111 |
| 650 | 1 | 4 |
_aELECCIONES - EUROPA _925112 |
| 650 | 1 | 4 |
_aSISTEMAS ELECTORALES - EUROPA _925113 |
| 942 |
_2ddc _cBK |
||
| 999 |
_c27179 _d27179 |
||